Multiplicación de plantas hortícolas

Αποθηκεύτηκε σε:
Λεπτομέρειες βιβλιογραφικής εγγραφής
Κύριος συγγραφέας: Boutherin, Dominique
Άλλοι συγγραφείς: Bron, Gilbert
Μορφή: Βιβλίο
Γλώσσα:Ισπανικά
Έκδοση: Zaragoza, España Acribia 1994
Σειρά:Colección Ciencias Agrarias
Θέματα:
Ετικέτες: Προσθήκη ετικέτας
Δεν υπάρχουν, Καταχωρήστε ετικέτα πρώτοι!

MARC

LEADER 00000nam a2200000 a 4500
001 UCP5060
003 CL-VaPUC
005 20240923125138.0
008 990827e19940000SP |||||||||||||||||spa|d
999 |c 282886  |d 282884 
040 |c Pontificia Universidad Católica de Valparaíso 
082 0 4 |a 635 BOU 1994  |2 21 
100 0 |a Boutherin, Dominique  |9 433164 
245 1 0 |a Multiplicación de plantas hortícolas 
260 0 3 |a Zaragoza, España  |b Acribia  |c 1994 
300 |a 225 páginas 
490 0 |a Colección Ciencias Agrarias 
583 |a last modification  |c 20160105 01:05:57  |k Rodrigo Vera 
650 0 |a Acodos   |9 401770 
650 0 |a Cultivo  |9 264268 
650 7 |a ESQUEJES  |2 CL-VaPUC  |9 433166 
650 0 |a Propagación de plantas  |9 339631 
650 0 |a Tratamiento de semillas  |9 340438 
650 7 |a SEMILLA  |2 CL-VaPUC  |9 358433 
650 0 |a Cultivo  |9 264268 
650 0 |a Injerto  |9 339632 
700 0 |a Bron, Gilbert  |9 433165 
942 |c BK  |2 ddc 
945 |d 19990827 00:00:00  |a vberengu 
952 |0 0  |1 0  |2 ddc  |4 0  |6 635_000000000000000_BOU_1994  |7 0  |8 A  |9 325476  |a BIBAGR  |b BIBAGR  |d 2019-11-20  |i 3549879  |o 635 BOU 1994  |p 3549879  |r 2025-01-20  |t 1  |w 2019-11-20  |y BK  |k AGR 
952 |0 0  |1 0  |2 ddc  |4 0  |6 635_000000000000000_BOU_1994  |7 0  |8 A  |9 325477  |a BIBAGR  |b BIBAGR  |d 2019-11-20  |i 3578100  |o 635 BOU 1994  |p 3578100  |r 2025-01-20  |t 2  |w 2019-11-20  |y BK  |k AGR 
952 |0 0  |1 0  |2 ddc  |4 0  |6 635_000000000000000_BOU_1994  |7 0  |8 A  |9 325478  |a BIBAGR  |b BIBAGR  |d 2019-11-20  |i 3578119  |o 635 BOU 1994  |p 3578119  |r 2025-01-20  |t 3  |w 2019-11-20  |y BK  |k AGR